San Vicente de Paul / (Record no. 45453)

MARC details
000 -LEADER
campo de control de longitud fija 00628nam a2200193 i 4500
001 - NÚMERO DE CONTROL
campo de control 45453
003 - IDENTIFICADOR DE NÚMERO DE CONTROL
campo de control ES-MaACL
005 - FECHA Y HORA DE LA ÚLTIMA TRANSACCIÓN
campo de control 20230906161224.0
007 - CAMPO FIJO DE DESCRIPCIÓN FÍSICA--INFORMACIÓN GENERAL
campo de control de longitud fija t|
008 - DATOS DE LONGITUD FIJA--INFORMACIÓN GENERAL
campo de control de longitud fija 030326s1960 sp ||||1| spa d
100 1# - ENTRADA PRINCIPAL--NOMBRE DE PERSONA
Nombre de persona Cognet, Luis.
9 (RLIN) 39476
245 10 - MENCIÓN DEL TÍTULO
Título San Vicente de Paul /
Mención de responsabilidad, etc. textos y leyendas de Luis Cognet y de José Herrera ; fotos de Leonardo von Matt.
260 ## - PUBLICACIÓN, DISTRIBUCIÓN, ETC.
Lugar de publicación, distribución, etc. [Bilbao] :
Nombre del editor, distribuidor, etc. Desclée de Brouwer,
Fecha de publicación, distribución, etc. 1960.
300 ## - DESCRIPCIÓN FÍSICA
Extensión 251 p., 190 lám. ;
Dimensiones 25 cm.
600 04 - PUNTO DE ACCESO ADICIONAL DE MATERIA--NOMBRE DE PERSONA
Nombre de persona Vicente de Paúl
Títulos y otros términos asociados al nombre Santo.
9 (RLIN) 114354
700 1# - ENTRADA AGREGADA--NOMBRE PERSONAL
Nombre de persona Herrera, José.
9 (RLIN) 63201
700 1# - ENTRADA AGREGADA--NOMBRE PERSONAL
Nombre de persona Matt, Leonard von.
9 (RLIN) 79106
852 ## - LOCALIZACIÓN
Ubicación ES-MaACL
Número de control de estantería C-15376
Sublocalización o colección R.47227
Holdings
Estatus retirado Estado de pérdida Estado de daño No para préstamo Biblioteca de origen Biblioteca actual Ubicación en estantería Fecha de adquisición Fuente de adquisición Total de préstamos Signatura topográfica completa Código de barras Visto por última vez Precio de reemplazo Tipo de ítem Koha
        Biblioteca del Ateneo de Madrid Biblioteca del Ateneo de Madrid Ficheros 17/01/2008     C-15376 1047826 23/02/2023 23/02/2023 Libro impreso